Statistics for Countrys former names#1

Click here to take the quiz!

General Stats

  • This quiz has been taken 22 times
  • The average score is 4 of 10

Answer Stats

Current nameAnswer% Correct
BangladeshEast Pakistan
90%
Burkina FasoUpper Volta
81%
Cabo VerdeCape Verde
62%
BelizeBritish Honduras
52%
CambodiaKampuchea
48%
BeninDahomey
33%
BotswanaBechuanaland
29%
BelarusByelorussia
19%
BurundiUrundi
10%
BrazilTierra de Santa Cruz
5%

Score Distribution

Percentile by Number Answered

Percent of People with Each Score

Your Score History

You have not taken this quiz